congo masquerade the political culture of aid inefficiency and reform failure (Record no. 262)

MARC details
000 -LEADER
fixed length control field 00468nam a22001577a 4500
003 - CONTROL NUMBER IDENTIFIER
control field OSt
005 - DATE AND TIME OF LATEST TRANSACTION
control field 20140717185830.0
008 - FIXED-LENGTH DATA ELEMENTS--GENERAL INFORMATION
fixed length control field 140717b xxu||||| |||| 00| 0 eng d
040 ## - CATALOGING SOURCE
Transcribing agency DNLM
245 ## - TITLE STATEMENT
Title congo masquerade the political culture of aid inefficiency and reform failure
260 ## - PUBLICATION, DISTRIBUTION, ETC. (IMPRINT)
Place of publication, distribution, etc. london/New York
Name of publisher, distributor, etc. theodore trefom
Date of publication, distribution, etc. 2011
300 ## - PHYSICAL DESCRIPTION
Extent xvii; 153p
Other physical details ill,
Dimensions 23cm
440 ## - SERIES STATEMENT/ADDED ENTRY--TITLE
International Standard Serial Number 9781848138360
9 (RLIN) 708
504 ## - BIBLIOGRAPHY, ETC. NOTE
Bibliography, etc includes bibliography and index
942 ## - ADDED ENTRY ELEMENTS (KOHA)
Source of classification or shelving scheme Other/Generic Classification Scheme
Koha item type Open Shelf
Holdings
Withdrawn status Lost status Source of classification or shelving scheme Damaged status Not for loan Home library Current library Date acquired Total Checkouts Full call number Barcode Date last seen Price effective from Koha item type
    Other/Generic Classification Scheme     MUST Main Library MUST Main Library 17/07/2014   2014/37636 2014-07-09 17/07/2014 17/07/2014 Open Shelf
    Other/Generic Classification Scheme     MUST Main Library MUST Main Library 17/07/2014       17/07/2014 17/07/2014 Open Shelf
    Other/Generic Classification Scheme     MUST Main Library MUST Main Library 17/07/2014       17/07/2014 17/07/2014 Open Shelf
    Other/Generic Classification Scheme     MUST Main Library MUST Main Library 17/07/2014       17/07/2014 17/07/2014 Open Shelf
    Other/Generic Classification Scheme     MUST Main Library MUST Main Library 17/07/2014       17/07/2014 17/07/2014 Open Shelf
    Other/Generic Classification Scheme     MUST Main Library MUST Main Library 17/07/2014       17/07/2014 17/07/2014 Open Shelf
    Other/Generic Classification Scheme     MUST Main Library MUST Main Library 17/07/2014       17/07/2014 17/07/2014 Open Shelf
    Other/Generic Classification Scheme     MUST Main Library MUST Main Library 17/07/2014       17/07/2014 17/07/2014 Open Shelf